000 00759nam a22002057a 4500
999 _c5354
_d5354
003 AR-CdUCM
008 190312b ||||| |||| 00| 0 spa
040 _aMUNICIPALIDAD PROVINCIAL DEL CUSCO
_cBIBLIOTECA MUNICIPAL DEL CUSCO
082 _a119.7 /
_bSP75
_23ed
100 _aSpinoza
_916157
245 _aLa Reforma del Entendimiento /
260 _aBuenos Aires :
_bM. Aguilar,
_c1961.
300 _a87 páginas ;
_c15.5 cm.
505 _aContenido: Tratado de la reforma del entendimiento y del camino mas apropiado para un verdadero conocimiento de las cosas.
650 _aReforma del entendimiento
_916158
650 _aConocimiento de las cosas
_916159
700 _aBiblioteca de iniciación filosófica
_916160
942 _2ddc
_cLIBROS
945 _aAndy